| 000 | 00000nam 2200000za 4500 |
| 001 | 9.841064 |
| 003 | CaOODSP |
| 005 | 20221107152010 |
| 007 | cr ||||||||||| |
| 008 | 170804s1963 oncad ob f000 0 eng d |
| 040 | |aCaOODSP|beng |
| 041 | |aeng|bfre |
| 043 | |an-cn--- |
| 086 | 1 |aM34-20/55E-PDF |
| 100 | 1 |aDibbs, H. P. |
| 245 | 14|aThe determination of oxygen by fast neutron activation analysis |h[electronic resource] / |cby Hugh P. Dibbs. |
| 260 | |a[Ottawa : |bQueen's Printer, |c1963] |
| 300 | |aiv, 22 p. : |bcharts, ill. |
| 490 | 1 |aTechnical bulletin ; |vTB 55 |
| 500 | |aCaption title. |
| 500 | |aImperfect copy: cover missing. |
| 500 | |aDigitized edition from print [produced by Natural Resources Canada]. |
| 504 | |aIncludes bibliographical references. |
| 520 | 3 |a“An account is given of the quantitative determination of oxygen by fast neutron activation. The method, which is both rapid and non-destructive, covers a very wide range of oxygen concentrations and is almost free from matrix effects. A description is presented of the shielding requirements and of the automatic system for sample transfer. Interference effects that may arise from the presence of certain elements are also discussed"--Synopsis, p. i. |
| 546 | |aIncludes synopsis in French. |
| 692 | 07|2gccst|aChemistry |
| 710 | 1 |aCanada. |bNatural Resources Canada. |
| 710 | 1 |aCanada. |bMines Branch. |
| 830 | #0|aTechnical bulletin (Canada. Dept. of Energy, Mines and Resources. Mines Branch)|vTB 55|w(CaOODSP)9.834857 |
| 856 | 40|qPDF|s429 KB|uhttps://publications.gc.ca/collections/collection_2017/rncan-nrcan/M34-20/M34-20-55-eng.pdf |
| 986 | |a299942 |